000 00359nam a2200145Ia 4500
008 230711s9999||||xx |||||||||||||| ||und||
041 _aENG
082 _a720
_bEL-B
100 _aElder A.J
245 0 _aGuide to the building regalations
250 _a2nd Ed.
260 _c1988
_aLondon
_bButterworth-Heinemann Ltd
650 _aCivil Engineering
942 _cBK
999 _c300
_d300